Načítá se...
Upanyaskar llachandra Joshi/
| Hlavní autor: | |
|---|---|
| Médium: | Printed Book |
| Vydáno: |
Madura:
Jawahar Pusthakalaya,
2007.
|
| LEADER | 00358 a2200109 4500 | ||
|---|---|---|---|
| 100 | |a Harikumar,R.M. | ||
| 245 | |a Upanyaskar llachandra Joshi/ |c R.M.Harikumar | ||
| 260 | |a Madura: |b Jawahar Pusthakalaya, |c 2007. | ||
| 300 | |a 240p. | ||
| 942 | |2 ddc |c BK | ||
| 999 | |c 237766 |d 237766 | ||
| 952 | |0 0 |1 0 |4 0 |7 0 |9 264020 |a HIN |b HIN |c ST1 |d 2011-06-15 |i 21401 |l 0 |p HIN21401 |r 2014-02-07 |w 2014-02-07 |y BK | ||